000 00449nam a2200157Ia 4500
005 20240429013145.0
008 240331s9999 xx 000 0 und d
020 _a9559052020
082 _bWOM
_a331.4
100 _aJayaweera, Swarna
245 0 _aWomen in export production villages :
_cCentre for women's research, Sri Lanka.
260 _aColombo
_bCentre for women's research
_c1990
300 _aP 151, (x) V 2
650 _aWomen
942 _cL
999 _c2607
_d2607